Quiz sur la Coupe du monde 1998 - Statistiques

Statistiques générales
  • Ce quiz a été pris 152 fois
  • Le résultat moyen est 7 sur 10
Statistiques - réponses
Question Réponse % Correct
Quel pays a terminé troisième ? Croatie
90%
Qui a fini meilleur buteur avec 6 buts ? Davor Šuker
90%
Dans quel stade Dennis Bergkamp à marquer son but (élu plus beau but de la compétition) Stade Vélodrome
90%
Quel joueur français a loupé son TAB contre l'Italie ? Bixente Lizarazu
80%
Quel joueur français a reçu un carton rouge en demi-finale contre la Croatie Laurent Blanc
80%
Dans le groupe G quels sont les pays qui se sont qualifiés ? Roumanie / Angleterre
80%
Parmi ces pays lequel dispute sa première Coupe du monde ? Jamaïque
70%
Qui a obtenue le prix Lev Yachine ? (meilleur gardien de but) Barthez
60%
Dans le groupe D quels sont les pays qui se sont qualifiés ? Nigéria / Paraguay
60%
Combien de buts ont étés marqués ? 171
40%
Aucun quiz correspondant
Distribution des résultats
% des personnes avec chaque résultat
Percentile par nombre de réponses
Votre historique - résultats
Vous n’avez pas pris ce quiz